Los supuestos scotistas en la teoría política de Jean Bodin

Збережено в:
Бібліографічні деталі
Автор: Tierno Galván, Enrique (Автор)
Формат: Книга
Мова:Іспанська
Опубліковано: Murcia Universidad de Murcia 1951
Предмети:
Теги: Додати тег
Немає тегів, Будьте першим, хто поставить тег для цього запису!

MARC

LEADER 00000cam a2200000 a 4500
001 UCF0748
003 CL-VaPUC
008 120607e19510000SP |||||||||||||||||spa|d
082 0 4 |a 321.86  |b TIE  |2 21 
100 0 |a Tierno Galván, Enrique  |e author  |9 562470 
245 1 4 |a Los supuestos scotistas en la teoría política de Jean Bodin 
300 |a 30 p 
942 |c BK 
945 |d 20120607 00:00:00  |a dcastane 
260 |a Murcia  |b Universidad de Murcia  |c 1951 
650 7 |a SISTEMAS POLITICOS  |2 CL-VaPUC  |9 562471 
650 0 |a República  |9 310048 
650 0 |a Gobierno   |9 255508 
650 0 |a Doctrinas políticas  |9 255835 
650 0 |a Soberanía  |9 266726 
650 0 |a Estado  |9 255503 
583 |a last modification  |c 20120607 15:36:00  |k Rodrigo Vera 
999 |c 347898  |d 347896 
952 |0 0  |1 0  |4 0  |6 321_860000000000000_TIE_1951  |7 0  |8 DER_TF  |9 449626  |a BIBDER  |b BIBDER  |d 2019-11-22  |i 4851501  |o 321.86 TIE 1951  |p 4851501  |r 2023-01-25  |w 2019-11-22  |x Ubicación 4to Piso  |y BK  |z Estos recursos deben solicitarse con anticipación  |k DER